ARRUPE JESUIT UNIVERSITY

CORONAVIRUS -STOP THE SPREAD - CLEAN,DISINFECT,COVER

Feynman's tips on physics : (Record no. 121649)

MARC details
000 -LEADER
fixed length control field 01562cam a22003494a 4500
001 - CONTROL NUMBER
control field 13952517
003 - CONTROL NUMBER IDENTIFIER
control field ARRUPE
005 - DATE AND TIME OF LATEST TRANSACTION
control field 20150129165803.0
008 - FIXED-LENGTH DATA ELEMENTS--GENERAL INFORMATION
fixed length control field 050505s2006 caua 001 0 eng
010 ## - LIBRARY OF CONGRESS CONTROL NUMBER
LC control number 2005013077
020 ## - INTERNATIONAL STANDARD BOOK NUMBER
International Standard Book Number 0805390634 (pbk.)
040 ## - CATALOGING SOURCE
Original cataloging agency DLC
Transcribing agency DLC
Modifying agency DLC
042 ## - AUTHENTICATION CODE
Authentication code pcc
050 00 - LIBRARY OF CONGRESS CALL NUMBER
Classification number QC23
Item number .F47 1989 Suppl.
082 00 - DEWEY DECIMAL CLASSIFICATION NUMBER
Classification number 530/.076
Edition number 22
300 ## - PHYSICAL DESCRIPTION
Other physical details ill. ;
Dimensions 23 cm.
100 1# - MAIN ENTRY--PERSONAL NAME
Personal name Feynman, Richard P.
Fuller form of name (Richard Phillips),
Dates associated with a name 1918-1988.
9 (RLIN) 13896
245 10 - TITLE STATEMENT
Title Feynman's tips on physics :
Remainder of title a problem-solving supplement to the Feynman lectures on physics /
Statement of responsibility, etc Richard P. Feynman, Michael A. Gottlieb, and Ralph Leighton ; with a memoir by Matthew Sands ; and exercises and answers by Robert B. Leighton and Rochus E. Vogt.
260 ## - PUBLICATION, DISTRIBUTION, ETC. (IMPRINT)
Place of publication, distribution, etc San Francisco :
Name of publisher, distributor, etc Addison-Wesley,
Date of publication, distribution, etc 1989.
300 ## - PHYSICAL DESCRIPTION
Extent xiii, 162 p. :
500 ## - GENERAL NOTE
General note Includes index.
650 #0 - SUBJECT ADDED ENTRY--TOPICAL TERM
Topical term or geographic name as entry element Physics.
9 (RLIN) 2736
650 #0 - SUBJECT ADDED ENTRY--TOPICAL TERM
Topical term or geographic name as entry element Physics
Form subdivision Problems, exercises, etc.
9 (RLIN) 13897
700 1# - ADDED ENTRY--PERSONAL NAME
Personal name Gottlieb, Michael A.
9 (RLIN) 13898
700 1# - ADDED ENTRY--PERSONAL NAME
Personal name Leighton, Ralph.
9 (RLIN) 13899
700 1# - ADDED ENTRY--PERSONAL NAME
Personal name Sands, Matthew L.
Fuller form of name (Matthew Linzee)
9 (RLIN) 13900
700 1# - ADDED ENTRY--PERSONAL NAME
Personal name Leighton, Robert B.
9 (RLIN) 13629
700 1# - ADDED ENTRY--PERSONAL NAME
Personal name Vogt, Rochus,
Dates associated with a name 1929-
9 (RLIN) 13901
700 1# - ADDED ENTRY--PERSONAL NAME
Personal name Feynman, Richard P.
Fuller form of name (Richard Phillips),
Dates associated with a name 1918-1988.
Title of a work Feynman lectures on physics.
9 (RLIN) 13902
906 ## - LOCAL DATA ELEMENT F, LDF (RLIN)
a 7
b cbc
c orignew
d 1
e ecip
f 20
g y-gencatlg
942 ## - ADDED ENTRY ELEMENTS (KOHA)
Source of classification or shelving scheme Library of Congress Classification
Koha item type Monograph ( Printed materials)
Holdings
Withdrawn status Lost status Source of classification or shelving scheme Damaged status Not for loan Collection code Home library Current library Shelving location Date acquired Total Checkouts Full call number Barcode Date last seen Price effective from Koha item type
    Library of Congress Classification     Main Collection ARRUPE LIBRARY ARRUPE LIBRARY Main Collection 14/01/2015   QC23 .F47 1989 Suppl. 46500003251 02/07/2019 14/01/2015 Monograph ( Printed materials)

 

Arrupe Library. PO Box MP320 Mt Pleasant, Harare, Zimbabwe
263 242 745411|librarian@aju.ac.zw